000 00505nam a2200193Ia 4500
003 OSt
005 20200812102118.0
008 190216s9999||||xx |||||||||||||| ||und||
020 _a9780534362744
040 _coclc
082 _a547
_bMCM/O
100 _aMcmurry, John
_94057
245 0 _aOrganic Chemistry /
_cJohn Mcmurry
250 _a5th Ed.
260 _bBrooks/Cole,
_aUSA:
_c1999.
300 _a1361p
650 _aChemistry
942 _cBK
_2ddc
_h547
_iMCM/O
_k547
_mMCM/O
999 _c3445
_d3445